01056 2200349 4500001002100000005001500021035002000036007000300056008004100059020002200100040002200122082001500144084001700159090002100176090002200197100002600219245007200245250003200317300006100349650002200410650002100432650001900453700002600472850001200498504003300510264004500543336002100588337003000609338002300639999002200662990002200684INLIS00000000085489420200310103748 a0010-0320000221ta200310s2017 yoia g ind d a978-602-9129-96-0 aYOPDYOGbinderda04223a616.31 a616.31 IND p aDEP 616.31 IND p aCB-D.11 2017-33470 aIndah Irma Zepenulis10aPenyakit gigi, mulut dan THT /cpenulis, Indah Irma Z, S. Ayu Intan aCetakan kedua, Agustus 2017 aviii, 240 halaman :bilustrasi, gambar, tabel ;c17.5 cm 4aMulut--xPenyakit 4aGigi--xPenyakit 4aOtolaringologi1 aAyu Intan, Sepenulis aYOPDYOG aBibliografi: halaman 238-23931aYogyakarta :bNuha Medika,cAgustus 2017 2rdacontentateks 2rdamediaatanpa perantara 2rdacarrieravolume aCB-D.11/2017-3347 aCB-D.11/2017-3347